[Event "Kazakhstan Chess Cup 2023"]
[Site "Astana KAZ"]
[Date "2023.04.30"]
[Round "9.7"]
[White "Kovalev, Vladislav"]
[Black "Isanzhulov, Arystan"]
[Result "1/2-1/2"]
[WhiteTitle "GM"]
[BlackTitle "FM"]
[WhiteElo "2612"]
[BlackElo "2320"]
[WhiteFideId "13504398"]
[BlackFideId "13711644"]
[EventDate "2023.04.23"]

1. e4 c5 2. Nf3 Nc6 3. Nc3 g6 4. d4 cxd4 5. Nxd4 Bg7 6. Be3 Nf6 7. Nb3 O-O 8.
Be2 d6 9. O-O b6 10. Qd2 Bb7 11. Rad1 Ne5 12. f3 Qc8 13. Qc1 Rd8 14. Rfe1 Ba6
15. Bd4 Bxe2 16. Rxe2 Qc4 17. Bxe5 dxe5 18. Rxd8+ Rxd8 19. Rd2 Rc8 20. Qf1 Qxf1+
21. Kxf1 Bh6 22. Rd3 e6 23. Ke2 Bf8 24. Kd1 Be7 25. Nd2 a6 26. a4 Kf8 27. b3 Rc7
28. Na2 Ke8 29. Rc3 Kd8 30. Rxc7 Kxc7 31. Nc1 Nd7 32. Nd3 f6 33. b4 g5 34. c3 h5
35. h3 Nf8 36. g4 h4 37. Nb3 Kc6 38. c4 Nd7 39. Kc2 Kc7 40. Kc3 Nb8 41. b5 axb5
42. cxb5 Bd8 43. Nb4 Kb7 44. Kc4 Bc7 45. Nc1 Bd6 46. Ncd3 Be7 47. Nc2 Nd7 48.
Kb3 Bc5 49. Ncb4 Bg1 50. Nc6 Kc7 51. Kc4 Be3 52. Ncb4 Bd2 53. Nc2 Kd6 54. Na1
Kc7 55. Nb3 Be3 56. Kc3 Bg1 57. Kb4 Be3 58. a5 bxa5+ 59. Kxa5 f5 60. Kb4 Nf6 61.
Nbc5 fxg4 62. fxg4 Nxg4 63. Nxe6+ Kd6 64. b6 Kxe6 65. b7 Ba7 66. hxg4 Kd6 67.
Nf2 Kc7 68. Nh3 Be3 69. Kc4 Kxb7 70. Kd5 Bf4 71. Nxf4 exf4 72. e5 Kc7 1/2-1/2

[Event "Kazakhstan Chess Cup 2023"]
[Site "Astana KAZ"]
[Date "2023.04.30"]
[Round "9.8"]
[White "Madaminov, Mukhiddin"]
[Black "Rasulov, Vugar"]
[Result "0-1"]
[WhiteTitle "IM"]
[BlackTitle "GM"]
[WhiteElo "2436"]
[BlackElo "2510"]
[WhiteFideId "14210703"]
[BlackFideId "13402390"]
[EventDate "2023.04.23"]

1. d4 d5 2. Nc3 e6 3. Bf4 Bb4 4. e3 Nf6 5. Ne2 O-O 6. a3 Bd6 7. Ng1 c5 8. Nf3
Bxf4 9. exf4 cxd4 10. Nxd4 Nc6 11. Qd2 Bd7 12. O-O-O Rc8 13. f3 a6 14. g4 Ne8
15. f5 Nxd4 16. Qxd4 Qf6 17. f4 Bc6 18. g5 Qxd4 19. Rxd4 Nc7 20. Bh3 exf5 21.
Bxf5 Rce8 22. h4 Re3 23. Kd2 Rfe8 24. h5 Rg3 25. Rh2 g6 26. hxg6 hxg6 27. Bh3
Rf3 28. a4 Kg7 29. Bg4 Rg3 30. Rh4 a5 31. b3 b6 32. Ne2 Rg2 33. Rd3 d4 34. Rdh3
Re3 35. Rxe3 dxe3+ 36. Kxe3 Nd5+ 37. Kd4 Rf2 38. Ke5 Bb7 39. c4 Ne3 40. Nd4 Ng2
41. Rh3 Rxf4 42. Bf3 Bxf3 43. Nxf3 Rf5+ 44. Kd6 Nf4 45. Rg3 Ne6 46. Ne5 Nxg5 47.
Re3 Rf6+ 48. Kd5 Re6 49. Rg3 Nh7 50. Rf3 Nf6+ 51. Kd4 Rd6+ 52. Ke3 Kf8 53. Rh3
Ke7 54. Rh8 Nd7 55. Nd3 g5 56. b4 axb4 57. Nxb4 Nf6 58. Ra8 Re6+ 59. Kf3 g4+ 60.
Kf4 Re4+ 61. Kf5 Rxc4 62. Ra7+ Kf8 63. Nd3 Ne8 64. Ne5 Nd6+ 65. Kg5 g3 66. Nxc4
g2 67. Nxd6 g1=Q+ 68. Kf5 Qg6+ 0-1

[Event "Kazakhstan Chess Cup 2023"]
[Site "Astana KAZ"]
[Date "2023.04.30"]
[Round "9.9"]
[White "Sethuraman, S.P."]
[Black "Nugumanov, Bakhtiyar"]
[Result "1-0"]
[WhiteTitle "GM"]
[BlackTitle "IM"]
[WhiteElo "2639"]
[BlackElo "2316"]
[WhiteFideId "5021596"]
[BlackFideId "13701797"]
[EventDate "2023.04.23"]

1. e4 c6 2. d4 d5 3. e5 c5 4. Nf3 cxd4 5. Qxd4 Nc6 6. Qf4 e6 7. Nc3 h6 8. h4 a6
9. h5 Nb4 10. Bd3 Bd7 11. O-O Nxd3 12. cxd3 Ne7 13. Ne2 Nf5 14. Ng3 Nxg3 15.
Qxg3 Qa5 16. Be3 O-O-O 17. Qf4 Qb4 18. Qxf7 Kb8 19. a3 Qe7 20. Qf4 Rc8 21. Rfc1
Qd8 22. Qd4 b6 23. Rxc8+ Bxc8 24. Qxb6+ Qxb6 25. Bxb6 Kb7 26. Ba5 Be7 27. Rc1
Bd8 28. Bxd8 Rxd8 29. Nd4 Bd7 30. b4 g6 31. hxg6 Rg8 32. f4 1-0

[Event "Kazakhstan Chess Cup 2023"]
[Site "Astana KAZ"]
[Date "2023.04.30"]
[Round "9.10"]
[White "Radzhabov, Rodion"]
[Black "Lysyj, Igor"]
[Result "0-1"]
[WhiteTitle "FM"]
[BlackTitle "GM"]
[WhiteElo "2308"]
[BlackElo "2606"]
[WhiteFideId "884715"]
[BlackFideId "4150120"]
[EventDate "2023.04.23"]

1. c4 e6 2. Nf3 Nf6 3. Nc3 d5 4. e3 dxc4 5. Bxc4 a6 6. a4 c5 7. d4 Nc6 8. O-O
Be7 9. Ne5 cxd4 10. Nxc6 bxc6 11. exd4 O-O 12. a5 Bb7 13. Be3 Qc7 14. Na4 Qxa5
15. Nc5 Qb6 16. Ra3 Bc8 17. Rb3 Qc7 18. Qf3 Bd6 19. h3 a5 20. Bg5 Nd5 21. Rc1
Rb8 22. Bd2 Qd8 23. Bd3 Rxb3 24. Nxb3 Bb4 25. Qe4 f5 26. Qe5 Bxd2 27. Nxd2 Qg5
28. Qe1 Nf4 29. Bf1 Nxh3+ 30. Kh2 Nf4 31. g3 Rf6 32. gxf4 Qxf4+ 33. Kg1 Rg6+ 34.
Bg2 Qg5 35. Qf1 Qxd2 36. Rxc6 Bb7 37. Qb5 0-1

[Event "Kazakhstan Chess Cup 2023"]
[Site "Astana KAZ"]
[Date "2023.04.30"]
[Round "9.11"]
[White "Kassimov, Baurzhan"]
[Black "Gareyev, Timur"]
[Result "0-1"]
[WhiteTitle "IM"]
[BlackTitle "GM"]
[WhiteElo "2285"]
[BlackElo "2602"]
[WhiteFideId "13704800"]
[BlackFideId "14200937"]
[EventDate "2023.04.23"]

1. e4 c5 2. Nf3 Nc6 3. Bb5 g6 4. Bxc6 bxc6 5. O-O Bg7 6. Re1 Nh6 7. h3 O-O 8. c3
d6 9. d4 Qb6 10. b3 a5 11. Be3 cxd4 12. Nxd4 c5 13. Qd2 cxd4 14. Bxh6 Bxh6 15.
Qxh6 a4 16. b4 Be6 17. a3 Rfc8 18. Qd2 Bb3 19. Qxd4 Qxd4 20. cxd4 Rc2 21. Rd1
Re2 22. Rc1 Rxe4 23. Nd2 Rxd4 24. Nxb3 axb3 25. Rcb1 Rd3 26. a4 Kf8 27. a5 Rd5
28. Rxb3 Rb5 29. Kf1 Ke8 30. Ra4 Kd7 31. Rc3 Rab8 32. Rb3 R8b7 33. Ke2 e5 34.
Kd3 f5 35. Rb2 Rc7 36. a6 Ra7 37. Rc2 Rb6 38. Rca2 Kc6 39. Kc4 d5+ 40. Kb3 Kd6
41. Ra5 d4 42. b5 Kd5 43. Kb4 e4 44. R5a3 Rb8 45. Rc2 d3 46. Rc5+ Kd4 47. Rc6
Rd8 48. Ra2 f4 49. b6 Rad7 50. b7 e3 51. Rc8 e2 52. Ra1 d2 53. b8=Q e1=Q 54.
Qxf4+ Kd5 55. Qc4+ Ke5 56. f4+ Kf6 0-1

[Event "Kazakhstan Chess Cup 2023"]
[Site "Astana KAZ"]
[Date "2023.04.30"]
[Round "9.12"]
[White "Agmanov, Zhandos"]
[Black "Kozganbay, Erkin"]
[Result "1/2-1/2"]
[WhiteTitle "IM"]
[WhiteElo "2446"]
[BlackElo "2316"]
[WhiteFideId "13708309"]
[BlackFideId "13703773"]
[EventDate "2023.04.23"]

1. d4 e6 2. c4 c5 3. d5 exd5 4. cxd5 d6 5. Nc3 g6 6. e4 Bg7 7. f4 Bxc3+ 8. bxc3
Nf6 9. e5 dxe5 10. fxe5 Nxd5 11. Bb5+ Bd7 12. Qxd5 Bxb5 13. Qxd8+ Kxd8 14. Bg5+
Kc7 15. Nf3 Bc4 16. Nd2 Bd5 17. O-O Nc6 18. Bf6 Rhe8 19. c4 Be6 20. Ne4 Bxc4 21.
Rfc1 Bd5 22. Nxc5 b6 23. Rd1 Nb4 24. a3 bxc5 25. axb4 Bb3 26. Rd6 cxb4 27. Rc1+
Kb7 28. Rb1 Be6 29. Rxb4+ Kc7 30. Rd1 Rec8 31. Be7 a5 32. Bd6+ Kc6 33. Rc1+ Kd5
34. Rd1+ Kc6 35. Rc1+ Kd7 36. Rb7+ Kd8 37. Rd1 Rc6 38. Re7 a4 39. Ba3+ Kc8 40.
Rd4 Rc4 41. Rxc4+ Bxc4 42. Kf2 Ra6 43. g4 Be6 44. g5 Rc6 45. Ra7 Rc2+ 46. Kg1
Bb3 47. Bd6 Rc4 48. Kf2 Rg4 49. Rc7+ Kd8 50. Ra7 Rc4 51. Kg3 Rc2 52. Be7+ Kc8
53. Bd6 Rc3+ 54. Kg2 Rc6 55. Kf3 Rb6 56. Rc7+ Kd8 57. Ra7 Rc6 58. Be7+ Kc8 59.
Bd6 Rc2 60. Kg3 Ra2 61. Rc7+ Kd8 62. Ra7 Bd5 63. Kh3 Bb3 64. Kg3 Ra1 65. Kg2 Rd1
66. Kf2 Rh1 67. Kg2 Bd5+ 68. Kh3 Rg1 69. Kh4 Ra1 70. Kg3 Be6 71. Kf2 Bc4 72. Kg2
Be6 73. Kf2 Bd5 74. Kg3 Rg1+ 75. Kh4 1/2-1/2

[Event "Kazakhstan Chess Cup 2023"]
[Site "Astana KAZ"]
[Date "2023.04.30"]
[Round "9.13"]
[White "Khusenkhojaev, Mustafokhuja"]
[Black "Utegaliyev, Azamat"]
[Result "1-0"]
[WhiteTitle "FM"]
[WhiteElo "2279"]
[BlackElo "2446"]
[WhiteFideId "14700727"]
[BlackFideId "13702467"]
[EventDate "2023.04.23"]

1. d4 Nf6 2. c4 e6 3. g3 c5 4. d5 exd5 5. cxd5 d6 6. Nc3 g6 7. Bg2 Bg7 8. Nf3
O-O 9. O-O Re8 10. Bf4 a6 11. a4 Nh5 12. Bg5 Qc7 13. Qd2 Nd7 14. e4 Rb8 15. a5
b5 16. axb6 Nxb6 17. Qc2 h6 18. Bc1 Nf6 19. h3 Nfd7 20. Rd1 Ne5 21. Nxe5 Rxe5
22. Bf1 Qd7 23. Bf4 Re8 24. h4 Ra8 25. Ra2 Qe7 26. Rda1 g5 27. hxg5 hxg5 28. Be3
Rb8 29. Be2 f5 30. exf5 Bd4 31. Bh5 Rf8 32. Bxd4 cxd4 33. Ne2 Bxf5 34. Qd2 d3
35. Nd4 Be4 36. Re1 Qh7 37. Qxg5+ Kh8 38. f3 d2 39. Rd1 Bxd5 40. Bg6 1-0

[Event "Kazakhstan Chess Cup 2023"]
[Site "Astana KAZ"]
[Date "2023.04.30"]
[Round "9.14"]
[White "Suleymenov, Alisher"]
[Black "Moldagali, Beksultan"]
[Result "1/2-1/2"]
[WhiteTitle "IM"]
[WhiteElo "2434"]
[BlackElo "1935"]
[WhiteFideId "13707833"]
[BlackFideId "13734768"]
[EventDate "2023.04.23"]

1. d4 Nf6 2. Nf3 d5 3. c4 e6 4. g3 dxc4 5. Bg2 Nc6 6. Qa4 Bb4+ 7. Bd2 Nd5 8.
Bxb4 Nxb4 9. Nc3 Bd7 10. O-O a6 11. Ne5 b5 12. Qa3 Rb8 13. Nxc6 Nxc6 14. d5 exd5
15. Nxd5 Ne7 16. Qe3 c6 17. Nb4 Qb6 18. Qe5 f6 19. Qh5+ g6 20. Qh6 Kf7 21. Rad1
Be6 22. Qf4 Rbd8 23. e4 Rxd1 24. Rxd1 Rd8 25. Rxd8 Qxd8 26. h4 Qd1+ 27. Kh2 Qe1
28. Nxa6 c3 29. bxc3 Qxc3 30. Qb8 Qe5 31. Qd8 Bxa2 32. f4 Qe6 33. Nc5 Qc8 34.
Qd2 Be6 35. e5 Bd5 36. exf6 Kxf6 37. Bh3 Qa8 38. Qc3+ Kf7 39. Kg1 Qa7 40. h5 Qa2
41. Nd7 Qb1+ 42. Kf2 Qa2+ 43. Ke1 Qb1+ 44. Kd2 Kg8 45. h6 Qa2+ 46. Ke1 Qb1+ 47.
Kf2 Qa2+ 48. Kg1 Nf5 49. Nf6+ Kf7 50. Nxd5 Qxd5 51. Bxf5 Qxf5 52. Qg7+ Ke6 53.
Qxh7 Qb1+ 54. Kf2 Qc2+ 55. Ke3 Qc3+ 56. Ke2 Qc2+ 57. Kf1 Qd1+ 58. Kf2 Qd2+ 59.
Kf3 Qd3+ 60. Kf2 Qd2+ 61. Kg1 Qe1+ 62. Kh2 Qe2+ 63. Kh3 Qh5+ 64. Kg2 1/2-1/2

[Event "Kazakhstan Chess Cup 2023"]
[Site "Astana KAZ"]
[Date "2023.04.30"]
[Round "9.15"]
[White "Sivuk, Vitaly"]
[Black "Zhukenov, Aituar"]
[Result "1/2-1/2"]
[WhiteTitle "GM"]
[WhiteElo "2533"]
[BlackElo "2178"]
[WhiteFideId "14116502"]
[BlackFideId "13719513"]
[EventDate "2023.04.23"]

1. d4 d5 2. c4 e6 3. Nf3 a6 4. e3 Nf6 5. b3 c5 6. cxd5 exd5 7. Bb2 Nc6 8. Nbd2
cxd4 9. Nxd4 Bd6 10. Be2 O-O 11. O-O Qe7 12. N2f3 Ne4 13. Rc1 Bd7 14. Nxc6 bxc6
15. Qd4 f6 16. Bd3 Rfe8 17. Bxe4 Qxe4 18. Qxe4 Rxe4 19. Bd4 a5 20. Bc5 Bc7 21.
Nd4 Ree8 22. Rc3 g5 23. Rfc1 Be5 24. f3 h5 25. g3 h4 26. g4 h3 27. R3c2 Kf7 28.
Rf2 Rg8 29. Kf1 Rgb8 30. Rd2 Re8 31. Re2 Bc8 32. Ke1 Bd7 33. Kd2 Kg6 34. Rf2 Bc7
35. Kd3 Rxe3+ 36. Kxe3 Bf4+ 37. Kd3 Bxc1 38. Ne2 Bb2 39. Nd4 Bc1 40. Ne2 Bb2 41.
Nd4 Bxd4 42. Kxd4 a4 43. Re2 axb3 44. axb3 Re8 45. Rxe8 Bxe8 46. b4 Bd7 47. Ke3
Bc8 48. Kf2 Ba6 49. Kg3 Bf1 50. f4 gxf4+ 51. Kxf4 Kf7 52. Bd4 Ke6 1/2-1/2